| 000 | 01099cam a22003014a 4500 | ||
|---|---|---|---|
| 001 | 13978814 | ||
| 005 | 20160926123111.0 | ||
| 008 | 050523s2006 maua b 001 0 eng | ||
| 010 | _a2005015019 | ||
| 020 | _a0321305043 (alk. paper) | ||
| 040 |
_aDLC _cDLC _dDLC |
||
| 042 | _apcc | ||
| 050 | 0 | 0 |
_aHC79.E5 _bT525 2006 |
| 082 | 0 | 0 |
_a333.7 _222 _bTIE |
| 100 | 1 |
_aTietenberg, Thomas H. _93264 |
|
| 245 | 1 | 0 |
_aEnvironmental and Natural Resource Economics / _cTom Tietenberg. |
| 250 | _a7th ed. | ||
| 260 |
_aBoston : _bPearson/Addison Wesley, _cc2006. |
||
| 300 |
_axxxi, 655 p. : _bill. ; _c24 cm. |
||
| 504 | _aIncludes bibliographical references and indexes. | ||
| 650 | 0 |
_aEnvironmental economics. _93265 |
|
| 650 | 0 |
_aNatural resources _xGovernment policy. _93267 |
|
| 650 | 0 |
_aRaw materials _xGovernment policy. _93268 |
|
| 650 | 0 |
_93266 _aEnvironmental policy |
|
| 856 | 4 | 1 |
_3Table of contents _uhttp://www.loc.gov/catdir/toc/ecip0513/2005015019.html |
| 942 |
_2ddc _cBB |
||
| 999 |
_c11207 _d11207 |
||